000 00430cam a2200157ua 4500
041 _aeng
_h
082 _a334.01
_bMOS/TE
100 _aMosher, Arthur T .
245 _aTechnical co-operation in Latin-American agriculture /
_cArthur T Mosher.
_hTextual Documents
250 _a1 /
_b.
260 _aChicago :
_bUniversity of Chicago Press ,
_c1957.
300 _a449 ; .
504 _a
942 _cBK
999 _c11417
_d11417